[Event "Stari Banovci Vidovdan op"]
[Site "Stari Banovci"]
[Date "2016.07.04"]
[Round "9"]
[White "Peovic, Milos"]
[Black "Pucarevic, Milenko"]
[Result "0-1"]
[WhiteElo "2201"]
[BlackElo "2173"]
[PlyCount "72"]
[EventDate "2016.06.28"]
[EventType "swiss"]
[EventRounds "9"]
[EventCountry "SRB"]
[SourceTitle "CBM 173 Extra"]
[Source "ChessBase"]
[SourceDate "2016.08.29"]
[SourceVersion "1"]
[SourceVersionDate "2016.08.29"]
[SourceQuality "1"]

1. d4 Nf6 2. c4 c5 3. d5 e5 4. Nc3 d6 5. e4 Be7 6. Bd3 0-0 7. Nge2 Nh5 8. Ng3 Nf4 9. Bxf4 exf4 10. Nh5 Bg5 11. g3 Nd7 12. gxf4 Bh6 13. Qf3 Qh4 14. Ne2 b5 15. cxb5 c4 16. Bc2 Nc5 17. f5 Nd3+ 18. Bxd3 cxd3 19. Nc3 d2+ 20. Kf1 a6 21. Kg2 Bd7 22. a4 axb5 23. axb5 Rab8 24. Ra5 Kh8 25. Ng3 g6 26. Qd3 Qf6 27. Ra7 Rfd8 28. Rd1 Bf4 29. Qf3 Bg5 30. Nf1 gxf5 31. Nxd2 Bxd2 32. exf5 Bxc3 33. bxc3 Bxb5 34. Kh1 Bd7 35. Rg1 Bxf5 36. c4 Rg8 0-1

[Event "Vojvodina-ch 5th"]
[Site "Novi Sad"]
[Date "2014.07.13"]
[Round "3"]
[White "Peovic, Milos"]
[Black "Drazic, Sinisa"]
[Result "0-1"]
[WhiteElo "2281"]
[BlackElo "2430"]
[PlyCount "62"]
[EventDate "2014.07.12"]
[EventType "swiss"]
[EventRounds "9"]
[EventCountry "YUG"]
[SourceTitle "CBM 161 Extra"]
[Source "ChessBase"]
[SourceDate "2014.08.29"]
[SourceVersion "1"]
[SourceVersionDate "2014.08.29"]
[SourceQuality "1"]

1. e4 c5 2. Nc3 Nc6 3. g3 Rb8 4. a4 g6 5. Bg2 Bg7 6. f4 d6 7. Nf3 a6 8. 0-0 b5 9. axb5 axb5 10. Nd5 e6 11. Ne3 Nge7 12. d3 0-0 13. g4 f5 14. gxf5 exf5 15. Ng5 h6 16. Nh3 Be6 17. Qe1 Qd7 18. Nf2 Nd4 19. Ra6 Kh7 20. Bd2 b4 21. c4 Ndc6 22. Nfd1 Ra8 23. Rxa8 Rxa8 24. h4 h5 25. Nd5 Ra1 26. Nxe7 Nxe7 27. b3 Nc6 28. Kh2 Nd4 29. Qg3 Nxb3 30. Be3 Nd4 31. e5 dxe5 0-1

[Event "Stari Banovci Vidovdan op"]
[Site "Stari Banovci"]
[Date "2014.06.26"]
[Round "7"]
[White "Matovic, Petar"]
[Black "Peovic, Milos"]
[Result "0-1"]
[WhiteElo "2250"]
[BlackElo "2254"]
[PlyCount "35"]
[EventDate "2014.06.21"]
[EventType "swiss"]
[EventRounds "9"]
[EventCountry "SRB"]
[SourceTitle "CBM 161 Extra"]
[Source "ChessBase"]
[SourceDate "2014.08.29"]
[SourceVersion "1"]
[SourceVersionDate "2014.08.29"]
[SourceQuality "1"]

1. d4 c5 2. d5 g6 3. c4 Bg7 4. Nc3 Nf6 5. e4 d6 6. f4 0-0 7. Nf3 e6 8. dxe6 Bxe6 9. Bd3 Re8 10. 0-0 Bg4 11. h3 Bxf3 12. Qxf3 Nc6 13. f5 Nd4 14. Qd1 Nh5 15. Qg4 Be5 16. Bg5 f6 17. Bh4 Kg7 18. Rab1 0-1

[Event "Belgrade-chT"]
[Site "Belgrade"]
[Date "2013.10.13"]
[Round "2.6"]
[White "Peovic, Milos"]
[Black "Mihajlovic, Miodrag"]
[Result "1-0"]
[WhiteElo "2269"]
[BlackElo "2192"]
[PlyCount "70"]
[EventDate "2013.10.12"]
[EventType "team-tourn"]
[EventRounds "11"]
[EventCountry "SRB"]
[SourceTitle "EXT 2014"]
[Source "ChessBase"]
[SourceDate "2013.11.20"]
[SourceVersion "1"]
[SourceVersionDate "2013.11.20"]
[SourceQuality "1"]
[WhiteTeam "Belgrade Sigurnost"]
[BlackTeam "Romanticari"]
[WhiteTeamCountry "SRB"]
[BlackTeamCountry "SRB"]

1. e4 Nc6 2. Nf3 d6 3. h3 Nf6 4. Nc3 a6 5. d4 e6 6. Bd3 Be7 7. 0-0 h6 8. a3 e5 9. d5 Nb8 10. Ne2 Nbd7 11. Be3 g5 12. Nh2 Nf8 13. Ng3 Ng6 14. Be2 Nf4 15. Ng4 Nxe2+ 16. Qxe2 Ng8 17. Nh5 c6 18. c4 cxd5 19. cxd5 Bd7 20. Rfc1 Rh7 21. Qd3 Bxg4 22. hxg4 Nf6 23. Nxf6+ Bxf6 24. Qe2 Qd7 25. Qf3 Bd8 26. Rc2 h5 27. Qf5 Qxf5 28. gxf5 f6 29. Rac1 g4 30. Kh2 h4 31. b4 Kd7 32. a4 a5 33. b5 b6 34. Rc6 Rb8 35. R1c3 Rb7 1-0

[Event "Vojvodina-ch 4th"]
[Site "Novi Sad"]
[Date "2013.06.29"]
[Round "3"]
[White "Peovic, Milos"]
[Black "Banovic, Ivan"]
[Result "1-0"]
[WhiteElo "2264"]
[BlackElo "2180"]
[PlyCount "97"]
[EventDate "2013.06.28"]
[EventType "swiss"]
[EventRounds "9"]
[EventCountry "SRB"]
[SourceTitle "CBM 155 Extra"]
[Source "ChessBase"]
[SourceDate "2013.08.26"]
[SourceVersion "1"]
[SourceVersionDate "2013.08.26"]
[SourceQuality "1"]

1. d4 Nf6 2. c4 g6 3. Nc3 Bg7 4. e4 d6 5. Be2 0-0 6. Nf3 e5 7. 0-0 Nc6 8. d5 Ne7 9. Bd2 Nd7 10. Rc1 h6 11. Ne1 f5 12. f3 f4 13. b4 g5 14. Nd3 Ng6 15. c5 Nf6 16. Nf2 Rf7 17. Qb3 Bf8 18. Nb5 Rg7 19. Rc2 a6 20. Na3 h5 21. h3 Nh4 22. Be1 g4 23. fxg4 hxg4 24. hxg4 Nxg4 25. Nxg4 Bxg4 26. Bxg4 Rxg4 27. Qh3 Qg5 28. Bxh4 Rxh4 29. Qe6+ Kh8 30. Rf3 Qh5 31. Qf6+ Kh7 32. Qxh4 Qxh4 33. Rh3 Qxh3 34. gxh3 a5 35. b5 dxc5 36. Nc4 Bd6 37. b6 a4 38. Rb2 a3 39. Rb3 Ra4 40. bxc7 Bxc7 41. Rxb7 Rxc4 42. d6 Rc1+ 43. Kf2 Rc2+ 44. Ke1 Rb2 45. dxc7 Rxb7 46. c8Q Rb1+ 47. Ke2 Rb2+ 48. Kf3 Rxa2 49. Qd7+ 1-0

[Event "Belgrade-chT"]
[Site "Belgrade"]
[Date "2012.10.08"]
[Round "7.1"]
[White "Peovic, Milos"]
[Black "Markovic, Aleksandar"]
[Result "0-1"]
[WhiteElo "2268"]
[BlackElo "2084"]
[PlyCount "98"]
[EventDate "2012.10.01"]
[EventType "team-tourn"]
[EventRounds "11"]
[EventCountry "SRB"]
[SourceTitle "CBM 150 Extra"]
[Source "ChessBase"]
[SourceDate "2012.10.19"]
[SourceVersion "1"]
[SourceVersionDate "2012.10.19"]
[SourceQuality "1"]
[WhiteTeam "Belgrade Sigurnost"]
[BlackTeam "Cyril i Metodije"]
[WhiteTeamCountry "SRB"]
[BlackTeamCountry "SRB"]

1. e4 c5 2. Nf3 Nf6 3. d3 Nc6 4. g3 g6 5. Bg2 Bg7 6. 0-0 d5 7. Nbd2 0-0 8. h3 e5 9. c3 h6 10. Qe2 Re8 11. Re1 Be6 12. Kh2 Qd7 13. a3 a5 14. Nf1 b5 15. Bd2 Rad8 16. exd5 Nxd5 17. c4 Nc7 18. Be3 bxc4 19. dxc4 Nd4 20. Bxd4 exd4 21. Qd2 a4 22. Ne5 Bxe5 23. Rxe5 Qd6 24. Rae1 Bxc4 25. Rxe8+ Rxe8 26. Rxe8+ Nxe8 27. Qxh6 Bd5 28. Nd2 Bxg2 29. Kxg2 Qd5+ 30. Nf3 Nd6 31. Qg5 Qc6 32. Qc1 Nf5 33. Qd1 c4 34. Kh2 d3 35. Nd2 Nd4 36. h4 Ne2 37. Nf1 Qf6 38. Kg2 Qxb2 39. Qxa4 Qb7+ 40. f3 Nd4 41. Qe8+ Kh7 42. Qe3 Qb2+ 43. Kh3 Qe2 44. Qxd4 Qxf1+ 45. Kg4 Qe2 46. Kf4 d2 47. Qd7 Kg7 48. Qd4+ f6 49. Qd7+ Kh6 0-1

[Event "Belgrade-chT"]
[Site "Belgrade"]
[Date "2012.10.03"]
[Round "3.1"]
[White "Peovic, Milos"]
[Black "Milicevic, Aleksa"]
[Result "1-0"]
[WhiteElo "2268"]
[BlackElo "2233"]
[PlyCount "91"]
[EventDate "2012.10.01"]
[EventType "team-tourn"]
[EventRounds "11"]
[EventCountry "SRB"]
[SourceTitle "CBM 150 Extra"]
[Source "ChessBase"]
[SourceDate "2012.10.19"]
[SourceVersion "1"]
[SourceVersionDate "2012.10.19"]
[SourceQuality "1"]
[WhiteTeam "Belgrade Sigurnost"]
[BlackTeam "Belgrade Post Stedionica"]
[WhiteTeamCountry "SRB"]
[BlackTeamCountry "SRB"]

1. e4 d6 2. d4 Nf6 3. Nd2 g6 4. f4 Bg7 5. Ngf3 0-0 6. Bd3 c5 7. c3 cxd4 8. cxd4 Nc6 9. 0-0 Ng4 10. Nb3 Qb6 11. Bc4 a5 12. a4 e5 13. h3 Nf6 14. f5 exd4 15. fxg6 hxg6 16. Ng5 Ne5 17. Bb5 d3+ 18. Kh1 Bd7 19. Bxd3 Nh5 20. Re1 Ng3+ 21. Kh2 Nxd3 22. Qxd3 Nh5 23. Nf3 Be6 24. Nbd4 Rac8 25. b3 Be5+ 26. Nxe5 dxe5 27. Nxe6 Qxe6 28. Bg5 f6 29. Be3 Rfd8 30. Qb5 Nf4 31. Rac1 Rxc1 32. Rxc1 Rd7 33. Rc8+ Kh7 34. Qc5 g5 35. Qb5 Kg6 36. Rh8 Kg7 37. Rb8 Qf7 38. Bd2 Nxg2 39. Bxg5 Nf4 40. Bxf4 exf4 41. Qf5 Rd2+ 42. Kg1 Qg6+ 43. Qxg6+ Kxg6 44. Rxb7 Re2 45. Rb5 Rxe4 46. Rxa5 1-0

[Event "Belgrade Trophy 25th"]
[Site "Obrenovac"]
[Date "2011.11.26"]
[Round "3"]
[White "Peovic, Milos"]
[Black "Markovic, Aleksandar"]
[Result "1-0"]
[WhiteElo "2266"]
[BlackElo "2016"]
[PlyCount "121"]
[EventDate "2011.11.24"]
[EventType "swiss"]
[EventRounds "9"]
[EventCountry "YUG"]
[SourceTitle "CBM 145 Extra"]
[Source "ChessBase"]
[SourceDate "2012.01.03"]
[SourceVersion "1"]
[SourceVersionDate "2012.01.03"]
[SourceQuality "1"]

1. e4 d6 2. d4 Nf6 3. Nd2 e5 4. c3 Be7 5. Ngf3 Nbd7 6. Bc4 0-0 7. 0-0 c6 8. Re1 exd4 9. cxd4 d5 10. exd5 Nxd5 11. Ne5 N7b6 12. Bb3 Be6 13. Ne4 f6 14. Nd3 Bf7 15. Ndc5 Qc7 16. Qg4 Kh8 17. a4 a5 18. Bd2 Rfe8 19. Qg3 Qxg3 20. hxg3 Bg6 21. Nxb7 Bb4 22. Bxb4 Nxb4 23. Ned6 Rxe1+ 24. Rxe1 Nd3 25. Re2 Nc1 26. Re3 Nd3 27. Nf7+ Bxf7 28. Rxd3 Nd5 29. Bxd5 Bxd5 30. Re3 h6 31. b3 Ra7 32. Nc5 Ra8 33. Nb7 Ra7 34. Re8+ Kh7 35. Nc5 Kg6 36. f3 Kf7 37. Re3 Ra8 38. Kf2 Rb8 39. Ke2 Rb4 40. Rd3 Ke7 41. Kd2 Bf7 42. Kc3 f5 43. Re3+ Kd6 44. Re5 g6 45. Re1 Rb8 46. Rb1 Re8 47. Nb7+ Kd5 48. Kd3 g5 49. Rc1 Rb8 50. Rc5+ Ke6 51. Nxa5 Kd7 52. Kc3 Bd5 53. Nc4 g4 54. f4 Bxg2 55. Rxf5 Re8 56. Re5 Rh8 57. Rh5 Be4 58. Ne5+ Ke6 59. Nxg4 Bf3 60. Rxh6+ Rxh6 61. Nxh6 1-0

[Event "Belgrade Trophy 25th"]
[Site "Obrenovac"]
[Date "2011.11.25"]
[Round "2"]
[White "Spasov, Vasil"]
[Black "Peovic, Milos"]
[Result "1-0"]
[WhiteElo "2583"]
[BlackElo "2266"]
[PlyCount "47"]
[EventDate "2011.11.24"]
[EventType "swiss"]
[EventRounds "9"]
[EventCountry "YUG"]
[SourceTitle "CBM 145 Extra"]
[Source "ChessBase"]
[SourceDate "2012.01.03"]
[SourceVersion "1"]
[SourceVersionDate "2012.01.03"]
[SourceQuality "1"]

1. e4 c6 2. d4 d5 3. Nd2 dxe4 4. Nxe4 Nd7 5. Ng5 Nb6 6. N1f3 Bf5 7. Bd3 Bxd3 8. Qxd3 g6 9. a4 Nh6 10. a5 Nd5 11. Qb3 Rb8 12. c4 Nc7 13. Bf4 Bg7 14. 0-0 0-0 15. Rfd1 Nf5 16. Rd2 Nd6 17. Nxh7 Kxh7 18. Ng5+ Kg8 19. Qh3 Re8 20. Qh7+ Kf8 21. Be5 f6 22. Qxg6 fxe5 23. dxe5 Qd7 24. Ra3 1-0

[Event "Belgrade-chT"]
[Site "Belgrade"]
[Date "2011.10.11"]
[Round "10.3"]
[White "Popovic, Andrija"]
[Black "Peovic, Milos"]
[Result "0-1"]
[WhiteElo "2266"]
[BlackElo "2246"]
[PlyCount "32"]
[EventDate "2011.10.01"]
[EventType "team-tourn"]
[EventRounds "11"]
[EventCountry "SRB"]
[SourceTitle "CBM 144 Extra"]
[Source "ChessBase"]
[SourceDate "2011.10.28"]
[SourceVersion "1"]
[SourceVersionDate "2011.10.28"]
[SourceQuality "1"]
[WhiteTeam "Polet"]
[BlackTeam "Belgrade Sigurnost"]
[WhiteTeamCountry "YUG"]
[BlackTeamCountry "YUG"]

1. e4 e6 2. d4 d5 3. e5 b6 4. c3 Qd7 5. f4 Ba6 6. Bd3 Bxd3 7. Qxd3 c5 8. Nh3 Nc6 9. 0-0 cxd4 10. Kh1 dxc3 11. Nxc3 g6 12. b3 Nh6 13. Bb2 Nf5 14. Rac1 Nb4 15. Qe2 h5 16. Rfd1 Be7 0-1

[Event "Belgrade-chT"]
[Site "Belgrade"]
[Date "2011.10.09"]
[Round "8.2"]
[White "Mihajlovic, Miodrag"]
[Black "Peovic, Milos"]
[Result "1/2-1/2"]
[WhiteElo "2177"]
[BlackElo "2246"]
[PlyCount "126"]
[EventDate "2011.10.01"]
[EventType "team-tourn"]
[EventRounds "11"]
[EventCountry "SRB"]
[SourceTitle "CBM 144 Extra"]
[Source "ChessBase"]
[SourceDate "2011.10.28"]
[SourceVersion "1"]
[SourceVersionDate "2011.10.28"]
[SourceQuality "1"]
[WhiteTeam "Romanticari"]
[BlackTeam "Belgrade Sigurnost"]
[WhiteTeamCountry "YUG"]
[BlackTeamCountry "YUG"]

1. Nf3 c5 2. g3 Nc6 3. Bg2 d5 4. d3 Nf6 5. Nbd2 e5 6. 0-0 Bd6 7. e4 d4 8. Nc4 Bc7 9. a4 0-0 10. Bg5 h6 11. Bxf6 Qxf6 12. Nh4 g6 13. Kh1 Be6 14. Nd2 Ne7 15. Qe2 a6 16. c3 Nc6 17. h3 b5 18. axb5 axb5 19. Nhf3 Qe7 20. Rfc1 Qd7 21. cxd4 cxd4 22. Qf1 Nb4 23. Nh4 Na2 24. Rc2 Nb4 25. Rcc1 Kh7 26. Ndf3 Na2 27. Rc2 b4 28. g4 b3 29. Rc5 Bd6 30. Rxe5 Bxe5 31. Nxe5 Qe7 32. Nhf3 Qc5 33. Nc4 Bxc4 34. dxc4 Nb4 35. Rb1 Rab8 36. Nd2 Nc6 37. f4 Rfc8 38. e5 Nb4 39. f5 Qxe5 40. Re1 Qg7 41. Re7 g5 42. f6 Qg8 43. Nxb3 Rd8 44. c5 d3 45. Nd2 Kh8 46. Qf5 Rb5 47. Be4 Na6 48. b4 Nxb4 49. Qf2 Nd5 50. Ra7 Nf4 51. c6 Qe8 52. c7 Rc8 53. Qd4 Ne6 54. Qxd3 Rxc7 55. Qxb5 Qd8 56. Ra8 Rc8 57. Qd5 Rxa8 58. Qxa8 Qxa8 59. Bxa8 Nc5 60. Bd5 Kg8 61. Ne4 Nd3 62. Kh2 Ne5 63. Kg3 Nd7 1/2-1/2

[Event "Belgrade-chT"]
[Site "Belgrade"]
[Date "2011.10.05"]
[Round "5.6"]
[White "Peovic, Milos"]
[Black "Sivacki, Milorad"]
[Result "1/2-1/2"]
[WhiteElo "2246"]
[BlackElo "2142"]
[PlyCount "94"]
[EventDate "2011.10.01"]
[EventType "team-tourn"]
[EventRounds "11"]
[EventCountry "SRB"]
[SourceTitle "CBM 144 Extra"]
[Source "ChessBase"]
[SourceDate "2011.10.28"]
[SourceVersion "1"]
[SourceVersionDate "2011.10.28"]
[SourceQuality "1"]
[WhiteTeam "Belgrade Sigurnost"]
[BlackTeam "Bogoslov"]
[WhiteTeamCountry "YUG"]
[BlackTeamCountry "YUG"]

1. e4 c5 2. Nf3 Nc6 3. Bb5 g6 4. 0-0 Bg7 5. Re1 Nf6 6. c3 0-0 7. h3 Qb6 8. Bf1 e5 9. d3 d5 10. Qc2 h6 11. Nbd2 Be6 12. Nb3 a5 13. exd5 Nxd5 14. c4 a4 15. Nbd2 Ndb4 16. Qb1 Rfd8 17. a3 Na6 18. Qc2 Nc7 19. Rb1 Qa7 20. Ne4 f5 21. Nc3 Nd4 22. Qd1 Nxf3+ 23. Qxf3 Bd7 24. Qg3 Qb6 25. f4 e4 26. dxe4 fxe4 27. Nxe4 Bf5 28. Qf3 Ne6 29. g4 Nd4 30. Qg2 Bd7 31. Nc3 Qd6 32. Nd5 Re8 33. Bd2 Bc6 34. Bd3 Rad8 35. Rxe8+ Rxe8 36. Kf2 b5 37. Re1 Rxe1 38. Bxe1 Kh7 39. Qe4 bxc4 40. Bxc4 Ne6 41. h4 Bxd5 42. Bxd5 Qxf4+ 43. Qxf4 Nxf4 44. Be4 Bxb2 45. Ke3 Ne6 46. h5 Nf8 47. Bg3 Kg7 1/2-1/2

[Event "Belgrade-chT"]
[Site "Belgrade"]
[Date "2011.10.02"]
[Round "2.3"]
[White "Peovic, Milos"]
[Black "Nedeljkovic, Dragan"]
[Result "1-0"]
[WhiteElo "2246"]
[BlackElo "2161"]
[PlyCount "99"]
[EventDate "2011.10.01"]
[EventType "team-tourn"]
[EventRounds "11"]
[EventCountry "SRB"]
[SourceTitle "CBM 144 Extra"]
[Source "ChessBase"]
[SourceDate "2011.10.28"]
[SourceVersion "1"]
[SourceVersionDate "2011.10.28"]
[SourceQuality "1"]
[WhiteTeam "Belgrade Sigurnost"]
[BlackTeam "Belgrade PTT"]
[WhiteTeamCountry "YUG"]
[BlackTeamCountry "YUG"]

1. e4 c6 2. d4 d5 3. e5 Bf5 4. Nd2 e6 5. Nb3 Nd7 6. Nf3 Ne7 7. Be3 Bg4 8. h3 Bh5 9. Bd3 Qc7 10. Qe2 a6 11. g4 Bg6 12. h4 c5 13. dxc5 Nc6 14. h5 Bxd3 15. cxd3 Ndxe5 16. Nxe5 Qxe5 17. f4 Qc7 18. d4 Be7 19. 0-0-0 0-0-0 20. Kb1 Kb8 21. Rhe1 g6 22. Rh1 Qd7 23. Rh3 Rde8 24. Qh2 Rhg8 25. hxg6 hxg6 26. Rh7 Bd8 27. Nd2 Bc7 28. Qh3 g5 29. fxg5 e5 30. Nf3 exd4 31. Nxd4 Nxd4 32. Rxd4 Qe6 33. Bc1 Be5 34. Rd1 Rh8 35. Rxh8 Rxh8 36. Qf3 Rd8 37. Re1 Qg6+ 38. Qf5 Bd4 39. Bf4+ Ka7 40. Qxg6 fxg6 41. Bd6 Bf2 42. Re6 Rg8 43. b4 d4 44. Kc2 Be3 45. Kd3 Bxg5 46. Kxd4 Bd8 47. a4 Bh4 48. b5 axb5 49. axb5 Bf2+ 50. Kd5 1-0